00687nam a2200181Ia 4500001001000000003000500010008004100015010001100056040000900067100003000076245014800106260003500254300001000289502008700299650003700386650002900423710005300452Para_1339CHAP220125s1998 xx 000 0 und d a200047 cCHAP aSánchez Posadas, Victor aControl químico de maleza en ajo (Allim Sativum L.), en dos épocas de aplicación, en Chapingo, México /c por Victor Sánchez Posadas aChapingo, Méx. :b El autor a55 h. aTesis (Ing. Agr. Esp. en Parasitología Agrícola), UACh. Depto. Parasitología aAjo x malas hierbas x control  aMalas hierbas x control aUACh. Departamento de Parasitología Agrícola